| 000 | 00495pab a2200169 454500 | ||
|---|---|---|---|
| 008 | 180718b2017 xxu||||| |||| 00| 0 eng d | ||
| 100 | _aAziz, Sana | ||
| 245 | _aNational archives of India: the colonisation of knowledge and politics of preservation | ||
| 260 | _c2017 | ||
| 300 | _ap.33-39. | ||
| 362 | _a16 Dec | ||
| 650 | _aRepository - Historical documents | ||
| 650 | _aNational Archives of India | ||
| 650 | _aArchives | ||
| 773 | _aEconomic and Political Weekly | ||
| 909 | _a116712 | ||
| 999 |
_c116706 _d116706 |
||